000
00259 a2200109 4500
003
Nust
005
20170207154233.0
040
_c
Nust
082
_a
371.33
245
_a
Basic Electricity Part 1-15 (VHS-584)
440
_a
Basic Electricity Part 1-15 (VHS-584)
538
_a
Duration 122-Mins
999
_c
196014
_d
196014